Podi Campionati europei maschili di pallacanestro - Statistics

Statistiche generali
  • Questo quiz è stato fatto 36 volte
    26 dall'ultimo reset
  • Il punteggio medio è 16 su 20
Statistiche sulle risposte
Totale podi Primo posto Secondo posto Terzo posto Nazionale % Corretto
4 2 1 1 Germania
100%
4 1 1 2 Russia
100%
10 1 3 6 Francia
95%
6 2 1 3 Grecia
95%
7 3 3 1 Lituania
95%
2 0 2 0 Serbia
95%
14 4 6 4 Spagna
95%
10 2 4 4 Italia
91%
2 1 1 0 Lettonia
91%
1 1 0 0 Slovenia
91%
2 0 0 2 Croazia
86%
4 0 1 3 Polonia
86%
3 1 1 1 Ungheria
86%
2 0 2 0 Turchia
73%
2 0 1 1 Bulgaria
68%
17 8 5 4 Jugoslavia
68%
21 14 3 4 Unione Sovietica
64%
12 1 6 5 Cecoslovacchia
55%
1 0 1 0 Israele
41%
2 1 0 1 Egitto
0%
Nessun quiz corrispondente trovato
Distribuzione punteggi
Percentuale di utenti per punteggio
Percentile per numero di risposta
I tuoi punteggi nel tempo
Non hai fatto questo quiz dall'ultimo reset